[Event "BEL-chT 0809"]
[Site "Belgium"]
[Date "2009.02.02"]
[Round "8"]
[White "Geenen, Marc"]
[Black "Sunnerberg, Constantin"]
[Result "1-0"]
[WhiteElo "2316"]
[BlackElo "2067"]
[PlyCount "81"]
[EventDate "2008.10.05"]
[EventType "team-tourn"]
[EventRounds "11"]
[EventCountry "BEL"]
[SourceTitle "EXT 2010"]
[Source "ChessBase"]
[SourceDate "2010.11.25"]
[SourceVersion "1"]
[SourceVersionDate "2010.11.25"]
[SourceQuality "1"]
[WhiteTeam "Namur"]
[BlackTeam "Brussels"]
[WhiteTeamCountry "BEL"]
[BlackTeamCountry "BEL"]

1. e4 e5 2. d4 exd4 3. Nf3 Nc6 4. Bc4 Be7 5. c3 d3 6. Qb3 Kf8 7. Bxf7 d6 8. Bxg8 Rxg8 9. Qd5 Ne5 10. Nxe5 dxe5 11. Qxe5 Qd6 12. Bf4 Qxe5 13. Bxe5 c5 14. c4 Kf7 15. Nc3 Re8 16. f4 Bd8 17. Kd2 Ba5 18. Kxd3 Bxc3 19. Kxc3 Bd7 20. Rad1 Bc6 21. Rhe1 Rad8 22. Rxd8 Rxd8 23. g4 a6 24. Bc7 Rd7 25. Bb6 Rd4 26. Bxc5 Rxe4 27. Rxe4 Bxe4 28. Bd4 h6 29. Kb4 g6 30. Kc5 Ke6 31. Kb6 Kd7 32. b4 Kc8 33. Bg7 h5 34. f5 gxf5 35. gxh5 f4 36. Be5 f3 37. Bg3 Bb1 38. h6 Bh7 39. a4 Bd3 40. b5 axb5 41. cxb5 1-0

[Event "BEL-chT 0809"]
[Site "Belgium"]
[Date "2008.11.23"]
[Round "4.6"]
[White "Maenhout, Thibaut"]
[Black "Sunnerberg, Constantin"]
[Result "1-0"]
[WhiteElo "2284"]
[BlackElo "2116"]
[PlyCount "103"]
[EventDate "2008.10.05"]
[EventType "team-tourn"]
[EventRounds "11"]
[EventCountry "BEL"]
[SourceTitle "CBM 127 Extra"]
[Source "ChessBase"]
[SourceDate "2009.01.08"]
[SourceVersion "2"]
[SourceVersionDate "2009.01.28"]
[SourceQuality "1"]
[WhiteTeam "KBSK Brugge"]
[BlackTeam "Brussels"]
[WhiteTeamCountry "BEL"]
[BlackTeamCountry "BEL"]

1. e4 c5 2. Nf3 Nc6 3. Nc3 g6 4. Bb5 Bg7 5. Bxc6 dxc6 6. h3 e5 7. d3 Qd6 8. Be3 Ne7 9. Nd2 Be6 10. a3 0-0 11. Nc4 Bxc4 12. dxc4 Qxd1+ 13. Rxd1 b6 14. Rd7 Rfe8 15. Ke2 Kf8 16. Rhd1 Rec8 17. a4 Ke8 18. a5 Rd8 19. Rxd8+ Rxd8 20. Ra1 Rb8 21. g4 Nc8 22. b3 Bf8 23. h4 Bd6 24. h5 Ke7 25. Na4 Bc7 26. f3 Ke6 27. Nb2 Nd6 28. g5 Nc8 29. Nd3 Nd6 30. Rh1 Nb7 31. a6 Nd6 32. Bd2 Re8 33. Bc3 Nc8 34. Nf2 Bd8 35. Bd2 b5 36. Nd3 Bb6 37. Bc3 bxc4 38. bxc4 Nd6 39. Nxe5 Bd8 40. hxg6 hxg6 41. Nxc6 Bxg5 42. Nxa7 Nxc4 43. Rd1 Nd6 44. e5 Nc8 45. Nb5 Re7 46. Rd8 Na7 47. Rd6+ Kf5 48. Nxa7 Rxa7 49. Rc6 Bd8 50. e6 f6 51. Kd3 Kf4 52. Rd6 1-0